000
00308nam a22001337a 4500
008
170504b xxu||||| |||| 00| 0 eng d
020
_a
9781552390276
041
_a
eng
080
_a
34
100
_a
14
101
_a
SHJ
245
_a
CONFLICT MANAGEMENT IN LAW ENFORCEMENT
_c
PARDY.J
942
_2
udc
_c
BK
999
_c
12687
_d
12687